Combinatorics : a problem oriented approach /
Guardado en:
| Autor Principal: | |
|---|---|
| Formato: | Libro |
| Idioma: | English |
| Publicado: |
Washington, DC :
Mathematical Association of America,
c1998.
|
| Series: | Classroom resource materials
|
| Etiquetas: |
Agregar Etiqueta
Sin Etiquetas, Sea el primero en etiquetar este registro!
|
| LEADER | 00550nam a22001575a 4500 | ||
|---|---|---|---|
| 001 | MAT.inmabb000199 | ||
| 008 | 980424s1998####dcua##########001#0#eng#d | ||
| 005 | 20180316162437.0 | ||
| 245 | 1 | 0 | |a Combinatorics : |b a problem oriented approach / |c Daniel A. Marcus. |
| 260 | |a Washington, DC : |b Mathematical Association of America, |c c1998. | ||
| 300 | |a x, 136 p. : |b il. ; |c 23 cm. | ||
| 440 | 0 | |a Classroom resource materials | |
| 020 | |a 0883857103 | ||
| 100 | 1 | |a Marcus, Daniel A., |d 1945- | |
| 084 | |a 05-01 (00A07) |2 msc2000 |9 2000 | ||
| 859 | |h 05 |i M322 |p A-7919 |b BIB. MATEMATICA | ||
